|
|
|
|
| LEADER |
00000nam0a2200000 4500 |
| 001 |
276284 |
| 005 |
20231101234915.0 |
| 035 |
|
|
|a (RuTPU)RU\TPU\book\299543
|
| 090 |
|
|
|a 276284
|
| 100 |
|
|
|a 20141120d1985 m y0rusy5003 ca
|
| 101 |
0 |
|
|a rus
|
| 102 |
|
|
|a RU
|
| 105 |
|
|
|a a j 001zy
|
| 200 |
1 |
|
|a Сопротивление материалов
|e учебное пособие
|f Е. Н. Дубейковский, Е. С. Саввушкин
|
| 210 |
|
|
|a Москва
|c Высшая школа
|d 1985
|
| 215 |
|
|
|a 192 с.
|c ил.
|
| 320 |
|
|
|a Библиогр.: с. 187
|
| 320 |
|
|
|a Именной и предметный указатель: 188-190
|
| 606 |
1 |
|
|a Сопротивление материалов
|2 stltpush
|3 (RuTPU)RU\TPU\subj\55554
|9 73567
|
| 610 |
1 |
|
|a поперечные сечения
|
| 610 |
1 |
|
|a силовые факторы
|
| 610 |
1 |
|
|a напряжения
|
| 610 |
1 |
|
|a деформации
|
| 610 |
1 |
|
|a статическое нагружение
|
| 610 |
1 |
|
|a механические испытания
|
| 610 |
1 |
|
|a расчет на прочность
|
| 610 |
1 |
|
|a расчет на усталость
|
| 610 |
1 |
|
|a расчет на жесткость
|
| 610 |
1 |
|
|a сжатые стержни
|
| 610 |
1 |
|
|a устойчивость
|
| 610 |
1 |
|
|a учебные пособия
|
| 675 |
|
|
|a 539.3/.6(075.32)
|v 4
|
| 700 |
|
1 |
|a Дубейковский
|b Е. Н.
|g Евгений Николаевич
|
| 701 |
|
1 |
|a Саввушкин
|b Е. С.
|g Евгений Семенович
|
| 801 |
|
0 |
|a RU
|b RuMRKP
|c 19950704
|g psbo
|
| 801 |
|
1 |
|a RU
|b 63413507
|c 20141120
|
| 801 |
|
2 |
|a RU
|b 63413507
|c 20170331
|g RCR
|
| 942 |
|
|
|c BK
|